Global Economic Prospects 2002 (Record no. 15014)

000 -LEADER
fixed length control field 01882cam a22003614a 4500
020 ## - INTERNATIONAL STANDARD BOOK NUMBER
ISBN 0821349961
040 ## - CATALOGING SOURCE
Transcribing agency DDC
082 ## - DEWEY DECIMAL CLASSIFICATION NUMBER
Classification number 330 THE 2002 A068 Or.
100 1# - MAIN ENTRY--AUTHOR NAME
Personal name Newfarmer, Richard S.
245 10 - TITLE STATEMENT
Title Global Economic Prospects 2002
Remainder of title Making Trade Work for the World's Poor /
260 ## - PUBLICATION, DISTRIBUTION, ETC. (IMPRINT)
Place of publication Washington, D.C. :
Name of publisher The World Bank,
Year of publication 2002.
300 ## - PHYSICAL DESCRIPTION
Number of Pages 1 online resource (282 p.)
490 1# - SERIES STATEMENT
Series statement Global Economic Prospects
520 3# - SUMMARY, ETC.
Summary, etc Realizing the promise of the new global initiatives to expand trade requires concerted effort to move development to center stage in trade policy formulation. This report is dedicated to that agenda. It begins with a review of global prospects and ways globalization links the fates of industrial and developing countries. The report then considers issues in four broad areas that are particularly important to developing countries: merchandise trade, services, transport, and intellectual property rights. A final chapter summarizes the forward-looking policy agenda, and assesses the potential impact of further global integration and more rapid growth for the standards of living in poor countries everywhere.
650 #4 - SUBJECT ADDED ENTRY--TOPICAL TERM
Topical Term Currencies and Exchange Rates.
650 #4 - SUBJECT ADDED ENTRY--TOPICAL TERM
Topical Term Debt Markets.
650 #4 - SUBJECT ADDED ENTRY--TOPICAL TERM
Topical Term Economic Theory and Research.
650 #4 - SUBJECT ADDED ENTRY--TOPICAL TERM
Topical Term Emerging Markets.
650 #4 - SUBJECT ADDED ENTRY--TOPICAL TERM
Topical Term Finance and Financial Sector Development.
650 #4 - SUBJECT ADDED ENTRY--TOPICAL TERM
Topical Term Macroeconomics and Economic Growth.
650 #4 - SUBJECT ADDED ENTRY--TOPICAL TERM
Topical Term Private Sector Development.
650 #4 - SUBJECT ADDED ENTRY--TOPICAL TERM
Topical Term Transport.
650 #4 - SUBJECT ADDED ENTRY--TOPICAL TERM
Topical Term Transport Economics, Policy and Planning.
700 1# - ADDED ENTRY--PERSONAL NAME
Personal name Fink, Carsten.
700 1# - ADDED ENTRY--PERSONAL NAME
Personal name Maskus, Keith.
700 1# - ADDED ENTRY--PERSONAL NAME
Personal name Mattoo, Aaditya.
700 1# - ADDED ENTRY--PERSONAL NAME
Personal name Newfarmer, Richard S.
700 1# - ADDED ENTRY--PERSONAL NAME
Personal name Timmer, Hans.
700 1# - ADDED ENTRY--PERSONAL NAME
Personal name Van der Mensbrugghe, Dominique.
700 1# - ADDED ENTRY--PERSONAL NAME
Personal name Varoudakis, Aristom�ene.
856 40 - ELECTRONIC LOCATION AND ACCESS
Uniform Resource Identifier http://elibrary.worldbank.org/content/book/9780821349960
942 ## - ADDED ENTRY ELEMENTS (KOHA)
Koha item type សៀវភៅភាសាអង់គ្លេស
952 ## - LOCATION AND ITEM INFORMATION (KOHA)
Withdrawn status [LOCAL, KOHA] 0
Holdings
Permanent Location Date acquired Koha item type Lost status Shelving location Barcode Current Location Full call number
Library Block A2017-11-02សៀវភៅភាសាអង់គ្លេស A068A07918Library Block A330 THE 2002 A068 Or.
មជ្ឈមណ្ឌលឯការនៃសាកលវិទ្យាល័យភូមិន្ទកសិកម្មចំការដូង

Powered by Koha